000 00668nam a2200193 i 4500
001 20368
003 ES-MaACL
005 20230906152303.0
007 t|
008 021112s1974 sp |||| | spa d
100 1 _aAguilar Piñal, Francisco.
_918744
245 1 0 _aImpresos sevillanos del siglo XVIII
_b: adiciones a tipografía hispalense /
_cFrancisco Aguilar Piñal.
260 _aMadrid :
_bInstituto Miguel de Cervantes,
_c1974.
300 _a421 p. ;
_c24 cm.
650 4 _aLibros antiguos-
_zSevilla-
_vBibliografías.
_9149583
650 4 _aBibliografías sevillanas.
_9165125
710 2 _aInstituto "Miguel de Cervantes"
_95133
852 _aES-MaACL
_jE-8553
999 _c20368
_d20368